| 000 | 00769cab a2200277 4500 | ||
|---|---|---|---|
| 001 | X286 | ||
| 008 | 090401t1992 xxu||||| |||| 00| 0 eng d | ||
| 035 | _a(Sirsi) u64877 | ||
| 041 | _aeng | ||
| 100 | _aMacTaggart, R.D.C. | ||
| 245 | _aValuation of fitout amortisation income streams in commercial buildings | ||
| 260 | _c1992 | ||
| 350 | _a0 | ||
| 490 |
_aValuer and Land Economist _v32(3) August 1992, 196-198(3) |
||
| 650 | _aADDITIONAL INCOME | ||
| 650 | _aAUSTRALIA | ||
| 650 | _aCOMMERCIAL BUILDINGS | ||
| 650 | _aFITOUT AMORTISATION INCOME | ||
| 650 | _aINCOME STREAMS | ||
| 650 | _aINVESTMENT PROPERTY | ||
| 650 | _aINVESTMENT VALUATION | ||
| 650 |
_aValuation _96273 |
||
| 690 | _aRATING AND VALUATION | ||
| 942 | _n0 | ||
| 948 | _c04/03/1997 | ||
| 999 |
_c40420 _d40420 |
||